000 00436nam a2200157Ia 4500
008 210716s2004 xx 000 0 und d
020 _a8178812762
041 _aeng
082 _a338.04 MADR
100 _aMadapati, Ravi S.
245 _aEntrepreneurial finance: concepts and cases.
_bConcepts and cases.
250 _a1
260 _aHyderabad
_bICFAI University Press
_c2004
300 _axii,203,A11
650 _aEntrepreneurship
999 _c202333
_d202333